ORGANIC CHEMISTRY VOL-2: STERCO CHEMISTRY AND THE CHEMISTRY OF NATURAL PRODUCTS (Record no. 7495)

MARC details
000 -LEADER
fixed length control field 00481nam a22001817a 4500
005 - DATE AND TIME OF LATEST TRANSACTION
control field 20230118095821.0
008 - FIXED-LENGTH DATA ELEMENTS--GENERAL INFORMATION
fixed length control field 210301b ||||| |||| 00| 0 eng d
020 ## - INTERNATIONAL STANDARD BOOK NUMBER
ISBN 9788175785414
041 ## - LANGUAGE CODE
Language code of text/sound track or separate title eng
082 ## - DEWEY DECIMAL CLASSIFICATION NUMBER
Classification number 547 FIN-O
100 ## - MAIN ENTRY--AUTHOR NAME
Personal name FINAR,I L
245 ## - TITLE STATEMENT
Title ORGANIC CHEMISTRY VOL-2: STERCO CHEMISTRY AND THE CHEMISTRY OF NATURAL PRODUCTS
250 ## - EDITION STATEMENT
Edition statement 5'TH
260 ## - PUBLICATION, DISTRIBUTION, ETC. (IMPRINT)
Place of publication INDIA
Name of publisher PEARSION
Year of publication 2018
300 ## - PHYSICAL DESCRIPTION
Number of Pages 956 p.
650 ## - SUBJECT ADDED ENTRY--TOPICAL TERM
Topical Term PHARMACY
General subdivision B.PHARMA
942 ## - ADDED ENTRY ELEMENTS (KOHA)
Koha item type Books
Holdings
Lost status Damaged status Collection code Home library Current library Shelving location Date acquired Source of acquisition Cost, normal purchase price Full call number Accession Number Koha item type
    Reference JRU Library JRU Library SHELF-5-A 01/03/2021 UNNATI PUBLICATION PURCHASE 1908-/17-02-2021 999.00 547 FIN-O 25706 Books
    PHARMACY JRU Library JRU Library SHELF-17-C 01/03/2021 UNNATI PUBLICATION PURCHASE 1908-/17-02-2021 999.00 547 FIN-O 25707 Books